| 000 | 01139cam a22003133a 4500 | ||
|---|---|---|---|
| 001 | 1205 | ||
| 005 | 20230908162604.0 | ||
| 020 | _a078073003990 | ||
| 040 |
_aHQB _cHQB _dOCL _dDLC _beng |
||
| 050 | 0 | 0 | _a367 |
| 082 | _2Fic | ||
| 100 | 1 | _aJones, Marcia Thornton and Dadey, Debbie | |
| 245 | 1 | 0 |
_aSnow monster mystery / _cby Marcia Thornton Jones and Debbie Dadey ; illustrated by John Steven Gurney. |
| 260 |
_aNew York : _bScholastic, _c1999. |
||
| 300 |
_a75 pages : _bIllustrations ; _c20 cm |
||
| 490 |
_aThe Bailey City Monsters _vBook 8 |
||
| 500 | _a"A Little Apple paperback." | ||
| 505 | 2 | _aR | |
| 520 | _aBailey City is full of some pretty weird grown-ups, and it's the perfect place for the spooky Hauntly Manor Inn. Could Kilmer's uncle Yetta really be the Abominable Snowman? | ||
| 521 |
_a670
_bLexile |
||
| 521 |
_aR
_bRaz-Plus |
||
| 650 | 0 |
_aMonsters _vJuvenile fiction. |
|
| 650 | 0 |
_aYeti _vJuvenile fiction. |
|
| 655 | 7 |
_aChildren's stories. _2lcsh |
|
| 700 | 1 | _aDadey, Debbie. | |
| 700 | 1 |
_aGurney, John Steven, _d1962- |
|
| 906 |
_a7 _bcbc _ccopycat _d2 _encip _f20 _gy-genrareb |
||
| 942 |
_2ddc _cBK _n0 |
||
| 999 |
_c1205 _d1205 |
||